Normal view
MARC view
Entry Personal Name
001 - CONTROL NUMBER
- control field: 71346
003 - CONTROL NUMBER IDENTIFIER
- control field: dpl
005 - DATE AND TIME OF LATEST TRANSACTION
- control field: 20240909155546.0
008 - FIXED-LENGTH DATA ELEMENTS
- fixed length control field: 240909|| aca||aabn | a|a d
040 ## - CATALOGING SOURCE
- Original cataloging agency: dpl
- Transcribing agency: dpl
100 ## - HEADING--PERSONAL NAME
- Personal name: अग्रवाल, घमंडीलाल
670 ## - SOURCE DATA FOUND
- Source citation: Work cat.: (dpl)205695: अग्रवाल, घमंडीलाल, क्या,क्यों और कैसे ? /, 2023
